Statistiques concernant Tous les joueurs présent sur les covers de NBA2K

Cliquez ici pour prendre le quiz!

Statistiques générales

  • Ce quiz a été pris 147 fois
    (69 depuis la dernière actualisation)
  • Le résultat moyen est 19 sur 40

Statistiques - réponses

Réponse% Correct
Kobe Bryant
96%
LeBron James
95%
Michael Jordan
95%
Stephen Curry
87%
Kevin Durant
78%
Tony Parker
71%
Allen Iverson
69%
Candance Parker
69%
Devin Booker
69%
Luka Doncic
67%
Shaquille O'Neal
65%
James Harden
60%
Damian Lillard
55%
Dirk Nowitzki
55%
Giánnis Antetokoúnmpo
55%
Kevin Garnett
53%
Kyrie Irving
53%
Marc Gasol
49%
Pau Gasol
49%
Zion Williamson
49%
Anthony Davis
45%
Dwyane Wade
45%
Paul George
44%
Kareem Abdul-jabbar
38%
Larry Bird
38%
Magic Johnson
38%
Sue Bird
38%
Derrick Rose
36%
Chris Paul
33%
Dennis Schröder
33%
Ricky Rubio
24%
Ben Simmons
20%
Ben Wallace
16%
Blake Griffin
16%
Danilo Gallinari
16%
DeMar DeRozan
15%
Rui Hachimura
11%
Sabrina Ionescu
11%
J. Cole
4%
Diana Taurasi
2%

Distribution des résultats

Percentile par nombre de réponses

% des personnes avec chaque résultat

Votre développement - résultats

Vous n’avez pas pris ce quiz depuis la dernière actualisation